The consequences of modernity /

Guardat en:
Dades bibliogràfiques
Autor principal: Giddens, Anthony.
Format: Llibre
Idioma:English
Publicat: Cambridge, UK : Polity Press in association with Basil Blackwell, 1990.
Matèries:
Etiquetes: Afegir etiqueta
Sense etiquetes, Sigues el primer a etiquetar aquest registre!
Thư viện lưu trữ: Mạng thư viện Đại học Đà Nẵng
LEADER 00912cam a2200349 i 4500
001 000048589
003 8311
005 20030310091207.0
008 010323|1990 vm 000 eng
020 |a 0745609236 
040 |a IRC  |c IRC  |d IRC 
041 0 |a eng 
082 1 4 |a 303.44  |b GI-A 
100 1 |a Giddens, Anthony. 
245 0 4 |a The consequences of modernity /  |c Anthony Giddens. 
260 |a Cambridge, UK :  |b Polity Press in association with Basil Blackwell,  |c 1990. 
300 |a 186 p. ;  |c 21.7cm. 
630 0 4 |a Postmodernism. 
630 0 4 |a Social structure. 
650 0 4 |a Social structure. 
650 0 4 |a Civilization, Modern. 
650 0 4 |a Postmodernism. 
OWN |a DUT 
999 |a From the UDN01 
TYP |a Monograph 
TYP |a Printed language 
980 |a Mạng thư viện Đại học Đà Nẵng